000 01095naa a22003017a 4500
001 BR8105787
003 BR-BrBNA
005 20240918174858.0
007 ta
008 230509b bl.||||| |||| 00| 0 por d
040 _aBR-BrBNA
_bpor
_cBiblioteca Nacional de Agricultura
041 _a(Pt)
072 _aF25
_b2120
_b3840
090 _aF25 BR8105787
100 1 _aPereira, J.E.
100 1 _aMiguel, A.E.
100 1 _aOliveira, J.A. de
111 1 _a9. Congresso Brasileiro de Pesquisas Cafeeiras
_cSao Lourenco, MG (Brazil)
_d27 Oct 1981
245 1 _aEfeito de sete calcarios na formacao e primeira safra do cafeeiro
260 3 _aRio de Janeiro, RJ (Brasil):
_c1981.
500 _aResumos do 9. Congresso Brasileiro de Pesquisas Cafeeiras Rio de Janeiro, RJ (Brasil): 1981. p. 232-233 (BR8105787-AM)F25
650 _aFERTILIZANTE
650 _aCAFE
650 _aCALCARIO
773 0 _tResumos do 9. Congresso Brasileiro de Pesquisas Cafeeiras
_wF25 BR8105787
_gRio de Janeiro, RJ (Brasil), 1981. p. 232-233
909 _a202404
_bLucia
_c55
_dLucia Elande
942 _cAM
_2AGRIS
999 _c314167
_d314167